Sequía y flexibilidad social
Gespeichert in:
| Format: | Text |
|---|---|
| Schlagworte: | |
| Tags: |
Tag hinzufügen
Keine Tags, Fügen Sie den ersten Tag hinzu!
|
MARC
| LEADER | 00000 a a2200000 04500 | ||
|---|---|---|---|
| 001 | 6558 | ||
| 003 | |||
| 040 | |||
| 245 | |a Sequía y flexibilidad social | ||
| 650 | |a SEQUIA | ||
| 650 | |a CONSECUENCIAS ECONOMICAS | ||
| 650 | |a CONSECUENCIAS SOCIALES | ||
| 773 | |g volumen 22, número 988; páginas 6-8 | ||
| 999 | |c 27133 |d 27133 | ||
